| 000 | 00657nam a2200241 a 4500 | ||
|---|---|---|---|
| 005 | 20210219152852.0 | ||
| 008 | 991125n 000 0 eng u | ||
| 035 | _aUPN01000064277 | ||
| 100 | _aTamir, Pinchas | ||
| 222 | _aSCIENCE EDUCATION | ||
| 245 | _aAnthropomorphism and teleology in reasoning about biological phenomena | ||
| 300 | _a57-67 | ||
| 362 | _a1991 75, No. 1 | ||
| 505 | _aMarzo 1993 | ||
| 653 | 0 | _aBIOLOGIA | |
| 653 | 0 | _aCONCEPTOS CIENTIFICOS | |
| 653 | 0 | _aEDUCACION CIENTIFICA | |
| 653 | 0 | _aFORMACION CONCEPTUAL | |
| 653 | 0 | _aINVESTIGACION EDUCATIVA | |
| 700 | _aZohar, Anat | ||
| 904 |
_aAC _b002088 |
||
| 905 | _aArticulo | ||
| 999 |
_c62513 _d62513 |
||